Score 0/28 Timer 03:00
1 Play Today
Clue 4-Letter Word % Correct
Achilles ____HEEL
97.3%
Liberate•FREE•
96.8%
Barking marine mammalSEAL
96.8%
Perceive by touchFEEL
96.6%
Buy low ___ highSELL
95.8%
RestoreHEAL
94.8%
Flintstone, Armisen, or Savage, e.g.FRED
94.5%
Saying: '___ is money'•TIME•
94.2%
Serve a meal toFEED
94.2%
Waves for ridingSURF
93.5%
Narcissist's loveSELF
92.5%
'Of course I will'SURE
92.3%
Rubber tree swingTIRE
92.3%
It wasn't built in a dayROME
91.7%
Clue 4-Letter Word % Correct
King, to his subjectSIRE
91.7%
Feudal peasantSERF
90.3%
DomesticatedTAME
89.5%
Female equivalent of a sirDAME
87.9%
MoistDAMP
87.1%
Gas tank fillerPUMP
85.5%
___ of age; reach maturityCOME
85.4%
Grooming tool with teethCOMB
84.3%
Throw out trashDUMP
84.1%
___ and circumstancePOMP
83.4%
Usain Bolt's shoe brandPUMA
82.1%
Energetic playROMP
82%
Film flop at the box office•BOMB•
75.9%
Czarist assemblyDUMA
75%

Today's Daily Dose

Remove Ads.
Support Sporcle.
Get the best of Sporcle when you Go Orange. This ad-free experience offers more features, more stats, and more fun while also helping to support Sporcle. Thank you for becoming a member.

You're not logged in!

Compare scores with friends on all Sporcle quizzes.
OR
Log In

Show Comments

Extras

Top Quizzes Today


Score Distribution

Your Account Isn't Verified!

In order to create a playlist on Sporcle, you need to verify the email address you used during registration. Go to your Sporcle Settings to finish the process.

Report this User

Report this user for behavior that violates our Community Guidelines.

Details: